000 00415nam a2200169Ia 4500
008 221030s9999 xx 000 0 und d
020 _a8129702037
041 _aEnglish
082 _a105.23
_bLau
100 _aK. C. Loudon
245 0 _aManagement Information System
_cby K. C. Loudon
250 _a8th
260 _bPearson Education
_aDelhi
_c2004
300 _a520
650 _aMBA Computers
942 _cBK
999 _c1940
_d1940